| 000 | 00476 a2200157 4500 | ||
|---|---|---|---|
| 020 | _a9780747566533 | ||
| 082 | _a813.6 | ||
| 090 |
_c7192 _d7192 |
||
| 100 | _aHosseini, Khaled | ||
| 245 |
_aThe Kite Runner _cHosseini, Khaled |
||
| 260 |
_aUK _bBloombury Publishing _c2003 |
||
| 300 |
_aviii, 324 p. _c22 cm. |
||
| 500 | _aIncludes bibliographical references and index. | ||
| 650 | _a1. Hosseini, Khaled. Kite runner. 2. Afghanistan --In literature. | ||
| 942 |
_cBK _k813.6 HOS |
||
| 999 |
_c10995 _d10995 |
||